Statistics for 15 Smallest Countries in Asia

Click here to take the quiz!

General Stats

  • This quiz has been taken 127 times
  • The average score is 12 of 15

Answer Stats

Area (Sq Km)Country% Correct
300Maldives
89%
5,765Brunei
87%
716Singapore
86%
11,586Qatar
83%
20,273Israel
80%
765Bahrain
79%
38,394Bhutan
79%
36,193Taiwan
78%
14,874Timor-Leste
77%
17,818Kuwait
74%
29,843Armenia
72%
10,452Lebanon
71%
65,610Sri Lanka
71%
69,000Georgia
69%
9,251Cyprus
60%

Score Distribution

Percentile by Number Answered

Percent of People with Each Score

Your Score History

You have not taken this quiz